| 000 | 00723nam a2200217Ia 4500 | ||
|---|---|---|---|
| 001 | 8420 | ||
| 003 | GE_BSU | ||
| 008 | 181216s||||||||xx |||||||||||||| ||und|| | ||
| 040 | _cGE_BSU | ||
| 080 | _a821.353.1-32 | ||
| 100 | _aვაჟა-ფშაველა | ||
| 245 | _aთხზულებათა სრული კრებული. ტ.2 ლექსები 1904-1915 | ||
| 245 | _cსარედ. კოლეგ. გ. ლეონიძე | ||
| 260 | _aთბილისი | ||
| 260 | _bსაბჭოთა საქართველო | ||
| 260 | _c1964 | ||
| 300 | _a521გვ.22სმ.ილ. | ||
| 653 | _aთხზულებანი | ||
| 653 | _aლექსები | ||
| 942 | _cBK | ||
| 999 |
_c41739 _d41739 |
||